| 000 | 00850nam a2200241 a 4500 | ||
|---|---|---|---|
| 001 | 000011073 | ||
| 005 | 20250522115618.0 | ||
| 008 | 091014s1998 dr 000 f spa d | ||
| 020 | _z8489539723 | ||
| 040 |
_aDO-SdBNP _bspa _cBNPHU |
||
| 082 |
_aRD863.44 _bP438d |
||
| 100 | 1 |
_aPérez, Mario Emilio, _d1935- _922183 |
|
| 245 | 1 | 0 |
_aDos machazos mujeriegos / _cMario Emilio Pérez ; prólogo Tony Raful. |
| 260 |
_aSanto Domingo : _bSoto Castillo, _c1998. |
||
| 300 |
_a190 p. ; _c22 cm. |
||
| 500 | _aIncluye datos biográficos del autor en la contracubierta. | ||
| 590 | _aLa biblioteca posee 2 ejemplar autografíado por el autor. | ||
| 590 | _aInventariado, 2020/MFF | ||
| 650 | 0 |
_aNovela dominicana _9223 |
|
| 650 | 0 |
_aLiteratura dominicana. _967 |
|
| 700 | 1 | 2 |
_aRaful, Tony, _d1951- _epró. _91377 |
| 910 | _aValidado. Control de calidad MFF | ||
| 999 |
_c10798 _d10798 |
||